| 000 | 01641nam a2200265 u 4500 | ||
|---|---|---|---|
| 001 | 000007816 | ||
| 003 | OSt | ||
| 005 | 20260305073950.0 | ||
| 008 | 090911s1984 dr 000 0 spa d | ||
| 040 |
_aDO-SdBNP _bspa _cBNPHU |
||
| 082 | 4 |
_a343.729307 _bA615c |
|
| 245 | 0 | 0 |
_aAnomalías y contradicciones en la legislación económica dominicana / _ceditor Frank Moya Pons. |
| 260 |
_aSanto Domingo : _bFORUM, _c1984. |
||
| 300 |
_a109 p. ; _c23 cm. |
||
| 490 | 1 |
_aFORUM _v14 |
|
| 500 | _aExposiciones presentadas en el Encuentro sobre Las Anomalías y Contradicciones de la Legislación Económica Dominicana, celebrado por FORUM el lunes 28 de mayo de 1984, en el Hotel Santo Domingo Sur. | ||
| 505 | 0 |
_gPresentación -- _tIntroducción / _rFrank Moya Pons -- _tContradicciones jurídicas en la práctica y en la legislación dominicana frente a la Constitución de la República / _rLuis Julián Pérez -- _tLos conflictos de la norma jurídica en la República Dominicana / _rWellington Ramos Messina -- _gDebate -- _tLos peligros para la institucionalidad democrática de las disposiciones de legalidad defectuosa / _rLuis Heredia Bonetti -- _gDebate -- _tContradicciones de la legislación económica dominicana / _rMario Read Vittini -- _gDebate. |
|
| 590 | _aInventariado, 2018/VM | ||
| 651 | 4 |
_aRepública Dominicana _xPolítica Económica _xLegislación _vCongresos, conferencias, etc. _921526 |
|
| 651 | 4 |
_aRepública Dominicana _xCondiciones Económicas _vCongresos, conferencias, etc. _97000 |
|
| 700 | 1 |
_aMoya Pons, Frank, _d1944- _eed. _92095 |
|
| 830 | 0 |
_aFORUM _v14 _97431 |
|
| 910 | _aValidado. Control de calidad EMS | ||
| 942 |
_2ddc _cLBS1 |
||
| 999 |
_c7594 _d7594 |
||